000 01621nam0a2200397 4500
001 RU\NLR\BIBL_A\022600709
005 20260420052020.0
010 _a978-5-04-219571-6
_92000
021 _aRU
_bКН-П-25-035941
_9КН-П-25-3536
035 _a(NLR Aleph) 022600709
090 _a13681476
_c13681476
100 _a20250813d2025 u y0rusy50 ca
101 0 _arus
102 _aRU
105 _aаc z 000zy
181 0 _ai
_baxxe
182 0 _an
200 1 _aЧжуан-цзы Бронислава Виногродского
_eкнига о знании и власти
203 _aТекст
_bвизуальный
_cнепосредственный
210 _aМосква
_cЭксмо
_d2025
215 _a556, [19] с.
_cил., портр.
_d24
225 1 _aИскусство управления миром
_eавторская серия Б. Виногродского
300 _aНа нахзаце: моё китайское имя - Вэй Дэ-Хань
333 _a16+
500 1 0 _aЧжуан-цзы
_92631562
_3RU\NLR\AUTH\559557
606 1 _aДаосизм
_9921505
_3RU\NLR\AUTH\66337928
686 1 _aЮ3(5)3-218
686 2 _aЭ342,0
700 1 _7ca
_8rus
_aВиногродский
_bБ. Б.
_f1957-
_gБронислав Брониславович
_920883
_3RU\NLR\auth\7737896
702 0 _4570
_7ca
_8rus
_aЧжуан-цзы
_fок.369-ок.286 до н.э.
_918923
_3RU\NLR\AUTH\7735928
942 _cBOOK
980 _aNB